Responses for Show #6708 - Wednesday, November 13, 2013

2013 Teachers Tournament quarterfinal game 3.

Contestants

[<< previous game]

Karen Cafaro, an English literature and composition teacher from Georgetown, South Carolina

James Brown, a physics teacher from El Paso, Texas

Eli Barrieau, a high school history teacher from Hardwick, Massachusetts

[next game >>]

Jeopardy! Round responses

THE RIGHT TOOL
(Alex: I do well in that.)
YES, NOVEMBER!
TALKIN' MATH
TEACH THE RHYME
(Alex: Each correct response will rhyme with the word "teach".)
U.S. LANDMARKS
T.P., YOUR HOUSE
    $200 1
a saw

James
    $200 6
Sagittarius (or Scorpio)

Eli
    $200 11
the root

James
    $200 16
reach

Triple Stumper
    $200 21
the Gateway Arch

James
    $200 26
(Karen: What is Iowa City?)

St. Paul

Karen
Triple Stumper
    $400 2
wrench

Eli
    $400 7
the Summer Olympics

Triple Stumper
    $400 12
the hypotenuse

Eli
    $400 17
(James: What is breach?)

beach

JamesKaren
    $400 22
the Lincoln Memorial

Karen
    $400 27
the San Fernando Valley

Triple Stumper
    $600 3
a clamp

Karen
    $600 8
Adoption

James
    $600 13
the matrix

Eli
    $600 18
beseech

Karen
    $1,000 23
the Seattle Space Needle

Karen
    $600 28
Michael J. Fox

James
    $800 4
a rasp

Karen
    $800 9
philosophy

Eli
    $800 14
trigonometry

Eli
    $800 19
breach

Eli
    $800 24
Fort Sumter

Eli
    $800 29
the X Games

James
    $1000 5
a lathe

Eli
    $1000 10
the Leonids

Eli
    $1000 15
(Eli Barrieau's class at Leominster High School: Good luck, Mr. Barrieau!)
[The class kneels down to reveal a silly selfie of Eli projected on the wall.]

derivative (differentiation accepted)

James
    $1000 20
leach

Karen
    $1000 25
(Eli: What is the Los Angeles Opera House?)

Disney Hall

Eli
Triple Stumper
    $1000 30
(James Brown's students at Valle Verde Early College High School: From all of us at Valle Verde Early College High School, good luck, Mr. Brown, on Jeopardy!)
[Cheers and applause]

Texas

James

Scores at the first commercial break (after clue 15):

Eli James Karen
$5,200 $2,000 $1,400

Scores at the end of the Jeopardy! Round:

Eli James Karen
$5,800 $4,200 $4,600

Double Jeopardy! Round responses

BRITISH POETS
TV SHOWS BY NERD
AN EPONYMOUS CATEGORY
JOURNALISTS
THE YEAR 1713
(Alex: A good year.)
"A" IN GEOGRAPHY
(Alex: Each correct response beginning with that letter.)
    $400 6
Robert Browning

James
    $400 2
The Big Bang Theory

James
    $400 8
Galileo

James
    $400 17
Woodward & Bernstein

Karen
    $400 7
the Six Nations

Triple Stumper
    $400 22
(James: What is the Adriatic?)

the Aegean

EliJames
    $800 13
(Lord) Tennyson

Eli
    $800 1
Happy Days

Eli
    $800 9
ritzy

James
    $800 18
Chris Wallace

Karen
    $800 27
mercury

Karen
    $800 23
(Karen: What is Aruba?)

Antigua

JamesKaren
    $1200 14
(Edmund) Spenser

Karen
    $1200 3
The Office

Eli
    $2,400 10
(James: What is Headless Horseman?)

knickerbockers

James
    $1200 19
Tina Brown

Eli
    $1200 28
the harpsichord

James
    $2,400 24
(James: What's the Arne?)

the Avon

James
    $1600 15
William Wordsworth

Triple Stumper
    $1600 4
Family Matters

James
    $1600 11
an aphrodisiac

James
    $1600 20
Diane Sawyer

Karen
    $1600 29
(James: What is Schooner?)
(Karen: What is a schooner?)

Gloucester

EliJamesKaren
    $1600 25
(Eli: What is Azerbaijan?)

Armenia

Eli
Triple Stumper
    $2000 16
W.H. Auden

Triple Stumper
    $2000 5
Saved by the Bell

Karen
    $2000 12
draconian

Eli
    $2000 21
The Guardian

James
    $2000 30
Maria Theresa

Triple Stumper
    $2000 26
Aqaba

Triple Stumper

Scores at the end of the Double Jeopardy! Round:

Eli James Karen
$12,200 $6,600 $9,000

Final Jeopardy! Round responses

MYTHOLOGY
JamesWho is Achilles?
$6,600
KarenWho is Hercules?
$3,000
EliWho is King Midas?
$2,200
King Midas

Final scores:

Eli James Karen
$14,400 $0 $6,000
Automatic semifinalist 3rd place: $5,000 if eliminated 2nd place: $5,000 if eliminated

Game dynamics:

Coryat scores:

Eli James Karen
$12,200 $11,400 $8,600
17 R,
2 W
17 R,
5 W
(including 2 DDs)
13 R
(including 1 DD),
3 W

Combined Coryat: $32,200

[game clues] [game scores] [suggest correction]

Game tape date: 2013-10-22
The J! Archive is created by fans, for fans. Scraping, republication, monetization, and malicious use prohibited; this site may use cookies and collect identifying information. See terms. The Jeopardy! game show and all elements thereof, including but not limited to copyright and trademark thereto, are the property of Jeopardy Productions, Inc. and are protected under law. This website is not affiliated with, sponsored by, or operated by Jeopardy Productions, Inc. Join the discussion at JBoard.tv.